|
|
|
|
| LEADER |
01417nam a2200361 a 4500 |
| 001 |
000756562 |
| 003 |
CZ BrMZK |
| 005 |
20050413072904.0 |
| 007 |
ta |
| 008 |
041220r20041805gw erp 000 0 ger d |
| 020 |
|
|
|a 3-487-12522-6
|q (váz.)
|
| 040 |
|
|
|a BOA001
|b cze
|
| 072 |
|
7 |
|a 33
|x Ekonomie
|2 Konspekt
|9 4
|
| 072 |
|
7 |
|a 37.016
|x Učební osnovy. Vyučovací předměty. Učebnice
|2 Konspekt
|9 22
|
| 080 |
|
|
|a 33
|2 MRF
|
| 080 |
|
|
|a (075)
|2 MRF
|
| 100 |
1 |
|
|a Jakob, Ludwig Heinrich von,
|d 1759-1827
|7 mzk2005266424
|4 aut
|
| 245 |
1 |
0 |
|a Grundsätze der National-Oekonomie oder National-Wirthschaftslehre /
|c Ludwig Heinrich Jakob ; mit einer Einleitung herausgegeben von Bertram Schefold
|
| 246 |
1 |
4 |
|a Grundsätze der National-Oekonomie
|
| 260 |
|
|
|a Hildesheim :
|b Olms-Weidmann,
|c 2004
|
| 300 |
|
|
|a xlv, xvi, 548 s. ;
|c 21 cm
|
| 490 |
1 |
|
|a Historia scientiarum. Wirtschaftswissenschaft
|
| 500 |
|
|
|a Reprint: Halle, 1805
|
| 504 |
|
|
|a Obsahuje bibliografii a bibliografické odkazy
|
| 541 |
|
|
|a Köln, Fritz Thyssen Stiftung
|
| 650 |
0 |
7 |
|a ekonomie
|7 ph114430
|2 czenas
|
| 655 |
|
7 |
|a učebnice
|7 fd133770
|2 czenas
|
| 700 |
1 |
|
|a Schefold, Bertram,
|d 1943-
|7 jn20000604867
|4 edt
|
| 830 |
|
0 |
|a Historia scientiarum.
|p Wirtschaftswissenschaft
|
| 910 |
|
|
|a BOA001
|b RP-1147.056
|
| 990 |
|
|
|a BK
|
| 991 |
|
|
|b 200504
|c NOV
|
| 996 |
6 |
|
|b 2610240736
|c RP-1147.056
|l MZK
|r Sklad / do 1 hodiny
|n 1
|p dar
|w 000756562
|u 000010
|a 1
|e BOA001
|j MZK50
|s P
|